| 000 | 00719 a2200181 4500 | ||
|---|---|---|---|
| 003 | Nust | ||
| 005 | 20170207153158.0 | ||
| 040 | _cNust | ||
| 082 | _a005.8 | ||
| 100 | _aRehman, Zaka Ur (Cryptology-1) | ||
| 245 |
_aTaxonomy of cryptanalysis in Pakistan based on the experience of allied cryptanalysis efforts during world war-II _cZaka Ur Rehman |
||
| 260 |
_bMCS, _cMay,1999 |
||
| 300 | _a126 p. | ||
| 505 | _aBeginning of cryptology (page-1), The theory of cryptoanalysis (page-13), The German Cipher machine 'ENIGMA (PAGE-25), Breaking of the Enigma Cipher (page-45), Cryptanalsis in Pakistan (page-84), Case study (page-96). | ||
| 538 | _aAlmirah No.70 Shelf No.3 | ||
| 650 | _aMSIS Thesis | ||
| 651 | _a(Cryptology-1) | ||
| 942 | _cTHS | ||
| 999 |
_c180853 _d180853 |
||